[Event "ODJM B 2025"]
[Site "Willingen GER"]
[Date "2025.06.10"]
[Round "4"]
[White "Negru, Maximilian"]
[Black "Lieb, Max"]
[Result "0-1"]
[Termination "normal"]
[Board "1"]
[WhiteElo "1694"]
[BlackElo "1743"]
[WhiteClock "00:00:33"]
[BlackClock "00:30:26"]
[PlyCount "68"]
[WhiteFideId "16298136"]
[BlackFideId "34630651"]
[EventCountry "GER"]
[EventRounds "9"]
[EventType "swiss"]
[EventDate "2025.06.07"]

1. e4 {[%clk 01:30:58]} {[%emt 00:00:01]} c5 {[%clk 01:30:54]} {[%emt
00:00:07]} 2. b3 {[%clk 01:31:23]} {[%emt 00:00:05]} Nc6 {[%clk 01:31:05]}
{[%emt 00:00:19]} 3. Bb2 {[%clk 01:31:45]} {[%emt 00:00:09]} e5 {[%clk
01:30:45]} {[%emt 00:00:50]} 4. Nf3 {[%clk 01:31:10]} {[%emt 00:01:05]} d6
{[%clk 01:30:41]} {[%emt 00:00:34]} 5. Nc3 {[%clk 01:30:51]} {[%emt 00:00:49]}
Nf6 {[%clk 01:30:08]} {[%emt 00:01:03]} 6. Bc4 {[%clk 01:29:06]} {[%emt
00:02:14]} Be7 {[%clk 01:29:24]} {[%emt 00:01:14]} 7. h3 {[%clk 01:27:06]}
{[%emt 00:02:31]} O-O {[%clk 01:28:42]} {[%emt 00:01:13]} 8. g4 {[%clk
01:20:00]} {[%emt 00:07:35]} a6 {[%clk 01:17:50]} {[%emt 00:11:21]} 9. g5
{[%clk 01:13:36]} {[%emt 00:06:55]} Nxe4 {[%clk 01:14:17]} {[%emt 00:04:02]}
10. Nxe4 {[%clk 01:10:34]} {[%emt 00:03:32]} d5 {[%clk 01:14:29]} {[%emt
00:00:18]} 11. Bd3 {[%clk 00:58:47]} {[%emt 00:12:16]} dxe4 {[%clk 01:11:17]}
{[%emt 00:03:43]} 12. Bxe4 {[%clk 00:58:38]} {[%emt 00:00:40]} Bxg5 {[%clk
01:10:05]} {[%emt 00:01:42]} 13. Qe2 {[%clk 00:52:35]} {[%emt 00:06:33]} Nd4
{[%clk 01:05:40]} {[%emt 00:04:54]} 14. Nxd4 {[%clk 00:49:44]} {[%emt
00:03:21]} cxd4 {[%clk 01:05:48]} {[%emt 00:00:23]} 15. h4 {[%clk 00:44:30]}
{[%emt 00:05:44]} Bh6 {[%clk 01:01:29]} {[%emt 00:04:49]} 16. O-O-O {[%clk
00:40:21]} {[%emt 00:04:39]} f5 {[%clk 00:54:08]} {[%emt 00:07:51]} 17. Qc4+
{[%clk 00:39:06]} {[%emt 00:01:46]} Kh8 {[%clk 00:54:09]} {[%emt 00:00:28]} 18.
Bd5 {[%clk 00:39:26]} {[%emt 00:00:10]} Rb8 {[%clk 00:43:37]} {[%emt 00:11:02]}
19. Ba3 {[%clk 00:37:56]} {[%emt 00:02:00]} b5 {[%clk 00:43:38]} {[%emt
00:00:29]} 20. Qc5 {[%clk 00:37:53]} {[%emt 00:00:33]} Rf6 {[%clk 00:41:22]}
{[%emt 00:02:46]} 21. Rde1 {[%clk 00:23:04]} {[%emt 00:15:20]} b4 {[%clk
00:39:55]} {[%emt 00:01:56]} 22. Bxb4 {[%clk 00:12:11]} {[%emt 00:11:23]} Rb5
{[%clk 00:39:36]} {[%emt 00:00:49]} 23. Qc4 {[%clk 00:08:45]} {[%emt 00:03:57]}
Rxd5 {[%clk 00:38:21]} {[%emt 00:01:45]} 24. Be7 {[%clk 00:07:59]} {[%emt
00:01:15]} Qxe7 {[%clk 00:36:33]} {[%emt 00:02:18]} 25. Qxd5 {[%clk 00:08:12]}
{[%emt 00:00:18]} Bb7 {[%clk 00:34:33]} {[%emt 00:02:29]} 26. Qxe5 {[%clk
00:07:43]} {[%emt 00:00:59]} Qa3+ {[%clk 00:34:33]} {[%emt 00:00:30]} 27. Kb1
{[%clk 00:08:01]} {[%emt 00:00:12]} Bxh1 {[%clk 00:34:46]} {[%emt 00:00:17]}
28. Rxh1 {[%clk 00:01:38]} {[%emt 00:06:53]} Qd6 {[%clk 00:31:31]} {[%emt
00:03:45]} 29. Qe8+ {[%clk 00:01:01]} {[%emt 00:01:07]} Rf8 {[%clk 00:31:36]}
{[%emt 00:00:25]} 30. Qa4 {[%clk 00:01:24]} {[%emt 00:00:06]} d3 {[%clk
00:30:39]} {[%emt 00:01:27]} 31. Rd1 {[%clk 00:00:32]} {[%emt 00:01:22]} dxc2+
{[%clk 00:30:51]} {[%emt 00:00:18]} 32. Kxc2 {[%clk 00:00:53]} {[%emt
00:00:09]} Rc8+ {[%clk 00:30:59]} {[%emt 00:00:21]} 33. Kb2 {[%clk 00:01:18]}
{[%emt 00:00:06]} Bxd2 {[%clk 00:30:20]} {[%emt 00:01:08]} 34. Qa5 {[%clk
00:00:33]} {[%emt 00:01:15]} Qf6+ {[%clk 00:30:26]} {[%emt 00:00:23]} 0-1

[Event "ODJM B 2025"]
[Site "Willingen GER"]
[Date "2025.06.10"]
[Round "4"]
[White "Aguike, Chidera"]
[Black "Lesser, Luan"]
[Result "1-0"]
[Termination "normal"]
[Board "2"]
[WhiteElo "1838"]
[BlackElo "1790"]
[WhiteClock "00:09:22"]
[BlackClock "00:03:42"]
[PlyCount "79"]
[WhiteFideId "34611339"]
[BlackFideId "34640150"]
[EventCountry "GER"]
[EventRounds "9"]
[EventType "swiss"]
[EventDate "2025.06.07"]

1. e4 {[%clk 01:30:57]} {[%emt 00:00:02]} c5 {[%clk 01:30:59]} 2. Nf3 {[%clk
01:31:22]} {[%emt 00:00:06]} e6 {[%clk 01:31:24]} {[%emt 00:00:05]} 3. d4
{[%clk 01:31:48]} {[%emt 00:00:03]} cxd4 {[%clk 01:31:50]} {[%emt 00:00:04]} 4.
Nxd4 {[%clk 01:32:14]} {[%emt 00:00:04]} Nf6 {[%clk 01:32:14]} {[%emt
00:00:05]} 5. Nc3 {[%clk 01:32:40]} {[%emt 00:00:04]} Nc6 {[%clk 01:32:39]}
{[%emt 00:00:05]} 6. Nxc6 {[%clk 01:33:05]} {[%emt 00:00:04]} bxc6 {[%clk
01:32:37]} {[%emt 00:00:33]} 7. e5 {[%clk 01:33:28]} {[%emt 00:00:07]} Nd5
{[%clk 01:32:45]} {[%emt 00:00:21]} 8. Ne4 {[%clk 01:33:55]} {[%emt 00:00:04]}
Qa5+ {[%clk 01:31:45]} {[%emt 00:01:29]} 9. Bd2 {[%clk 01:33:49]} {[%emt
00:00:36]} Qb6 {[%clk 01:32:13]} {[%emt 00:00:02]} 10. c4 {[%clk 01:18:57]}
{[%emt 00:15:22]} Qd4 {[%clk 01:21:50]} {[%emt 00:10:53]} 11. Nd6+ {[%clk
01:18:16]} {[%emt 00:01:12]} Bxd6 {[%clk 01:22:10]} {[%emt 00:00:10]} 12. exd6
{[%clk 01:18:36]} {[%emt 00:00:10]} Nf4 {[%clk 01:09:25]} {[%emt 00:13:14]} 13.
Bxf4 {[%clk 01:14:16]} {[%emt 00:04:51]} Qxf4 {[%clk 01:09:26]} {[%emt
00:00:29]} 14. Be2 {[%clk 01:09:25]} {[%emt 00:05:21]} c5 {[%clk 01:05:21]}
{[%emt 00:04:35]} 15. Qb3 {[%clk 01:01:45]} {[%emt 00:08:10]} Qxd6 {[%clk
01:03:41]} {[%emt 00:02:10]} 16. O-O {[%clk 00:54:38]} {[%emt 00:07:36]} Rb8
{[%clk 01:01:56]} {[%emt 00:02:14]} 17. Qc3 {[%clk 00:51:59]} {[%emt 00:03:11]}
O-O {[%clk 01:01:52]} {[%emt 00:00:33]} 18. Rad1 {[%clk 00:51:33]} {[%emt
00:00:56]} Qb6 {[%clk 00:59:59]} {[%emt 00:02:23]} 19. Rd2 {[%clk 00:51:16]}
{[%emt 00:00:48]} Bb7 {[%clk 00:55:48]} {[%emt 00:04:40]} 20. Bf3 {[%clk
00:49:56]} {[%emt 00:01:50]} Rfd8 {[%clk 00:38:22]} {[%emt 00:17:56]} 21. Rfd1
{[%clk 00:48:49]} {[%emt 00:01:36]} d6 {[%clk 00:36:50]} {[%emt 00:02:03]} 22.
b3 {[%clk 00:45:47]} {[%emt 00:03:31]} Bxf3 {[%clk 00:34:09]} {[%emt 00:03:11]}
23. Qxf3 {[%clk 00:45:56]} {[%emt 00:00:21]} Rd7 {[%clk 00:34:19]} {[%emt
00:00:21]} 24. h3 {[%clk 00:44:49]} {[%emt 00:01:37]} Rbd8 {[%clk 00:34:45]}
{[%emt 00:00:04]} 25. Qe4 {[%clk 00:44:25]} {[%emt 00:00:54]} g6 {[%clk
00:34:04]} {[%emt 00:01:10]} 26. Rd3 {[%clk 00:43:08]} {[%emt 00:01:47]} f5
{[%clk 00:23:50]} {[%emt 00:10:42]} 27. Qxe6+ {[%clk 00:42:13]} {[%emt
00:01:27]} Kg7 {[%clk 00:24:14]} {[%emt 00:00:06]} 28. Rg3 {[%clk 00:38:03]}
{[%emt 00:04:40]} Rf7 {[%clk 00:19:49]} {[%emt 00:04:54]} 29. Rd5 {[%clk
00:34:53]} {[%emt 00:03:40]} Rf6 {[%clk 00:19:09]} {[%emt 00:01:10]} 30. Qe7+
{[%clk 00:34:00]} {[%emt 00:01:24]} Rf7 {[%clk 00:19:35]} {[%emt 00:00:03]} 31.
Qg5 {[%clk 00:34:22]} {[%emt 00:00:08]} Qa5 {[%clk 00:13:58]} {[%emt 00:06:08]}
32. f4 {[%clk 00:25:52]} {[%emt 00:09:01]} Re8 {[%clk 00:05:30]} {[%emt
00:08:57]} 33. Rxd6 {[%clk 00:25:29]} {[%emt 00:00:53]} Qe1+ {[%clk 00:01:55]}
{[%emt 00:04:05]} 34. Kh2 {[%clk 00:25:54]} {[%emt 00:00:05]} Qa1 {[%clk
00:01:47]} {[%emt 00:00:37]} 35. Rxg6+ {[%clk 00:08:25]} {[%emt 00:18:00]} hxg6
{[%clk 00:02:14]} {[%emt 00:00:03]} 36. Qxg6+ {[%clk 00:08:47]} {[%emt
00:00:08]} Kf8 {[%clk 00:02:34]} {[%emt 00:00:10]} 37. Qg8+ {[%clk 00:09:03]}
{[%emt 00:00:12]} Ke7 {[%emt 00:00:05]} 38. Re3+ {[%clk 00:09:27]} {[%emt
00:00:05]} Kd6 {[%clk 00:03:23]} {[%emt 00:00:08]} 39. Qxe8 {[%clk 00:09:32]}
{[%emt 00:00:24]} Rg7 {[%clk 00:03:42]} {[%emt 00:00:11]} 40. Re6+ {[%clk
00:09:22]} {[%emt 00:00:41]} 1-0

[Event "ODJM B 2025"]
[Site "Willingen GER"]
[Date "2025.06.10"]
[Round "4"]
[White "Engelhaupt, Henry"]
[Black "John, Linnea"]
[Result "0-1"]
[Termination "normal"]
[Board "3"]
[WhiteElo "1825"]
[BlackElo "1631"]
[WhiteClock "00:39:47"]
[BlackClock "00:12:24"]
[PlyCount "84"]
[WhiteFideId "34644814"]
[BlackFideId "34623680"]
[EventCountry "GER"]
[EventRounds "9"]
[EventType "swiss"]
[EventDate "2025.06.07"]

1. e4 {[%clk 01:30:58]} {[%emt 00:00:01]} c5 {[%clk 01:30:56]} {[%emt
00:00:05]} 2. Nf3 {[%clk 01:31:23]} {[%emt 00:00:04]} Nc6 {[%clk 01:31:23]}
{[%emt 00:00:04]} 3. d4 {[%clk 01:31:48]} {[%emt 00:00:06]} cxd4 {[%clk
01:31:50]} {[%emt 00:00:04]} 4. Nxd4 {[%clk 01:32:14]} {[%emt 00:00:04]} g6
{[%clk 01:32:16]} {[%emt 00:00:04]} 5. c4 {[%clk 01:32:37]} {[%emt 00:00:07]}
Nf6 {[%clk 01:32:34]} {[%emt 00:00:12]} 6. Nc3 {[%clk 01:33:01]} {[%emt
00:00:05]} d6 {[%clk 01:32:56]} {[%emt 00:00:08]} 7. Be2 {[%clk 01:33:08]}
{[%emt 00:00:23]} Nxd4 {[%clk 01:32:48]} {[%emt 00:00:39]} 8. Qxd4 {[%clk
01:33:31]} {[%emt 00:00:07]} Bg7 {[%clk 01:33:13]} {[%emt 00:00:04]} 9. Be3
{[%clk 01:32:38]} {[%emt 00:01:23]} O-O {[%clk 01:33:34]} {[%emt 00:00:09]} 10.
Qd1 {[%clk 01:32:40]} {[%emt 00:00:29]} Bd7 {[%clk 01:30:38]} {[%emt 00:03:26]}
11. f3 {[%clk 01:32:32]} {[%emt 00:00:38]} a5 {[%clk 01:30:43]} {[%emt
00:00:26]} 12. Qd2 {[%clk 01:32:00]} {[%emt 00:01:02]} a4 {[%clk 01:30:20]}
{[%emt 00:00:53]} 13. Rc1 {[%clk 01:26:33]} {[%emt 00:05:57]} Qa5 {[%clk
01:27:10]} {[%emt 00:03:40]} 14. Nd5 {[%clk 01:24:10]} {[%emt 00:02:53]} Qxd2+
{[%clk 01:19:49]} {[%emt 00:07:51]} 15. Kxd2 {[%clk 01:22:40]} {[%emt
00:02:00]} Nxd5 {[%clk 01:19:20]} {[%emt 00:00:59]} 16. cxd5 {[%clk 01:22:58]}
{[%emt 00:00:12]} Rfc8 {[%clk 01:18:29]} {[%emt 00:01:22]} 17. Rb1 {[%clk
01:21:19]} {[%emt 00:02:09]} a3 {[%clk 01:10:40]} {[%emt 00:08:19]} 18. b3
{[%clk 01:17:03]} {[%emt 00:04:47]} Bc3+ {[%clk 01:06:54]} {[%emt 00:04:16]}
19. Kd1 {[%clk 01:16:12]} {[%emt 00:01:20]} Be5 {[%clk 01:00:58]} {[%emt
00:06:26]} 20. Bb6 {[%clk 01:13:08]} {[%emt 00:03:34]} e6 {[%clk 00:46:54]}
{[%emt 00:14:33]} 21. Bd3 {[%clk 01:06:53]} {[%emt 00:06:46]} exd5 {[%clk
00:44:47]} {[%emt 00:02:37]} 22. exd5 {[%clk 01:06:38]} {[%emt 00:00:45]} Rc3
{[%clk 00:36:51]} {[%emt 00:08:26]} 23. Kd2 {[%clk 01:06:18]} {[%emt 00:00:50]}
Rac8 {[%clk 00:35:50]} {[%emt 00:01:31]} 24. g3 {[%clk 01:05:45]} {[%emt
00:01:03]} Rxd3+ {[%clk 00:32:03]} {[%emt 00:04:16]} 25. Kxd3 {[%clk 01:05:30]}
{[%emt 00:00:46]} Bf5+ {[%clk 00:32:21]} {[%emt 00:00:13]} 26. Kd2 {[%clk
01:03:03]} {[%emt 00:02:57]} Rc2+ {[%clk 00:24:49]} {[%emt 00:08:00]} 27. Ke3
{[%clk 01:02:37]} {[%emt 00:00:58]} Rxa2 {[%clk 00:23:36]} {[%emt 00:01:43]}
28. Rbd1 {[%clk 00:54:45]} {[%emt 00:08:22]} Rb2 {[%clk 00:21:31]} {[%emt
00:02:35]} 29. Bd4 {[%clk 00:54:34]} {[%emt 00:00:41]} Bxd4+ {[%clk 00:21:30]}
{[%emt 00:00:30]} 30. Kxd4 {[%clk 00:53:34]} {[%emt 00:01:30]} a2 {[%clk
00:19:22]} {[%emt 00:02:39]} 31. Ra1 {[%clk 00:53:16]} {[%emt 00:00:48]} Rb1
{[%clk 00:18:43]} {[%emt 00:01:09]} 32. Kc3 {[%clk 00:52:38]} {[%emt 00:01:08]}
b5 {[%clk 00:16:10]} {[%emt 00:03:03]} 33. b4 {[%clk 00:52:05]} {[%emt
00:01:03]} g5 {[%clk 00:14:44]} {[%emt 00:01:55]} 34. g4 {[%clk 00:51:33]}
{[%emt 00:01:03]} Bg6 {[%clk 00:14:36]} {[%emt 00:00:39]} 35. Re1 {[%clk
00:50:54]} {[%emt 00:01:08]} Kg7 {[%clk 00:14:27]} {[%emt 00:00:39]} 36. Kd2
{[%clk 00:38:28]} {[%emt 00:12:57]} Rxe1 {[%clk 00:10:58]} {[%emt 00:03:58]}
37. Kxe1 {[%clk 00:38:44]} {[%emt 00:00:14]} Bb1 {[%clk 00:11:20]} {[%emt
00:00:08]} 38. Ke2 {[%clk 00:38:11]} {[%emt 00:01:03]} Kf6 {[%clk 00:11:33]}
{[%emt 00:00:17]} 39. Ke3 {[%clk 00:38:36]} {[%emt 00:00:05]} Ke5 {[%clk
00:11:58]} {[%emt 00:00:05]} 40. Kd2 {[%clk 00:39:00]} {[%emt 00:00:07]} Kxd5
{[%clk 00:12:16]} {[%emt 00:00:12]} 41. Kc3 {[%clk 00:39:26]} {[%emt 00:00:04]}
Ke5 {[%clk 00:12:06]} {[%emt 00:00:40]} 42. Kd2 {[%clk 00:39:47]} {[%emt
00:00:08]} Kd4 {[%clk 00:12:24]} {[%emt 00:00:12]} 0-1

[Event "ODJM B 2025"]
[Site "Willingen GER"]
[Date "2025.06.10"]
[Round "4"]
[White "Reuß, Till-Christopher"]
[Black "Petrow, Andre"]
[Result "1-0"]
[Termination "normal"]
[Board "4"]
[WhiteElo "1845"]
[BlackElo "1831"]
[WhiteClock "00:33:47"]
[BlackClock "00:05:00"]
[PlyCount "63"]
[WhiteFideId "533011524"]
[BlackFideId "34612815"]
[EventCountry "GER"]
[EventRounds "9"]
[EventType "swiss"]
[EventDate "2025.06.07"]

1. e4 {[%clk 01:30:57]} {[%emt 00:00:02]} d6 {[%clk 01:30:45]} {[%emt
00:00:15]} 2. Bc4 {[%clk 01:28:52]} {[%emt 00:02:36]} e5 {[%clk 01:28:29]}
{[%emt 00:02:46]} 3. Nf3 {[%clk 01:27:30]} {[%emt 00:01:52]} Be7 {[%clk
01:28:38]} {[%emt 00:00:21]} 4. c3 {[%clk 01:26:27]} {[%emt 00:01:33]} c5
{[%clk 01:26:37]} {[%emt 00:02:31]} 5. Qb3 {[%clk 01:24:10]} {[%emt 00:02:48]}
Nh6 {[%clk 01:19:43]} {[%emt 00:07:24]} 6. d4 {[%clk 01:23:29]} {[%emt
00:01:11]} Rf8 {[%clk 01:17:09]} {[%emt 00:03:04]} 7. dxe5 {[%clk 01:19:56]}
{[%emt 00:04:03]} Nc6 {[%clk 01:09:29]} {[%emt 00:08:10]} 8. exd6 {[%clk
01:18:43]} {[%emt 00:01:43]} Bxd6 {[%clk 01:04:21]} {[%emt 00:05:37]} 9. h3
{[%clk 01:09:12]} {[%emt 00:10:01]} Qc7 {[%clk 01:02:03]} {[%emt 00:02:48]} 10.
Na3 {[%clk 01:06:59]} {[%emt 00:02:43]} a6 {[%clk 01:00:17]} {[%emt 00:02:17]}
11. Be3 {[%clk 01:05:03]} {[%emt 00:02:26]} Bd7 {[%clk 00:46:04]} {[%emt
00:14:43]} 12. Bd5 {[%clk 01:00:28]} {[%emt 00:05:05]} O-O-O {[%clk 00:35:33]}
{[%emt 00:11:01]} 13. Nc4 {[%clk 00:58:49]} {[%emt 00:02:09]} Rfe8 {[%clk
00:18:33]} {[%emt 00:17:30]} 14. O-O-O {[%clk 00:54:04]} {[%emt 00:05:15]} Be6
{[%clk 00:10:21]} {[%emt 00:08:42]} 15. Nxd6+ {[%clk 00:51:41]} {[%emt
00:02:53]} Qxd6 {[%clk 00:09:03]} {[%emt 00:01:47]} 16. Bxe6+ {[%clk 00:49:06]}
{[%emt 00:03:06]} Qxe6 {[%clk 00:09:19]} {[%emt 00:00:13]} 17. Qxe6+ {[%clk
00:48:05]} {[%emt 00:01:30]} Rxe6 {[%clk 00:09:36]} {[%emt 00:00:13]} 18. Ng5
{[%clk 00:47:51]} {[%emt 00:00:44]} Rxd1+ {[%clk 00:08:46]} {[%emt 00:01:20]}
19. Rxd1 {[%clk 00:47:53]} {[%emt 00:00:28]} Re8 {[%clk 00:08:07]} {[%emt
00:01:09]} 20. f3 {[%clk 00:42:03]} {[%emt 00:06:21]} f6 {[%clk 00:07:23]}
{[%emt 00:01:13]} 21. Nxh7 {[%clk 00:41:06]} {[%emt 00:01:26]} Rh8 {[%clk
00:02:32]} {[%emt 00:05:22]} 22. Bxh6 {[%clk 00:41:18]} {[%emt 00:00:18]} Rxh7
{[%clk 00:02:59]} {[%emt 00:00:02]} 23. Be3 {[%clk 00:40:27]} {[%emt 00:01:21]}
b6 {[%clk 00:03:17]} {[%emt 00:00:12]} 24. Rd6 {[%clk 00:40:17]} {[%emt
00:00:40]} Kb7 {[%clk 00:03:21]} {[%emt 00:00:26]} 25. Bf4 {[%clk 00:38:52]}
{[%emt 00:01:54]} g5 {[%clk 00:03:22]} {[%emt 00:00:29]} 26. Bg3 {[%clk
00:38:21]} {[%emt 00:01:02]} Rf7 {[%clk 00:03:46]} {[%emt 00:00:06]} 27. Kd2
{[%clk 00:37:30]} {[%emt 00:01:21]} b5 {[%clk 00:04:01]} {[%emt 00:00:15]} 28.
Rd5 {[%clk 00:36:26]} {[%emt 00:01:31]} c4 {[%clk 00:04:16]} {[%emt 00:00:17]}
29. Ke3 {[%clk 00:35:14]} {[%emt 00:01:42]} Ne7 {[%clk 00:04:22]} {[%emt
00:00:25]} 30. Rd7+ {[%clk 00:35:05]} {[%emt 00:00:38]} Kc6 {[%clk 00:04:47]}
{[%emt 00:00:05]} 31. Rc7+ {[%clk 00:35:09]} {[%emt 00:00:26]} Kb6 {[%clk
00:05:00]} {[%emt 00:00:16]} 32. Bd6 {[%clk 00:33:47]} {[%emt 00:01:52]} 1-0

[Event "ODJM B 2025"]
[Site "Willingen GER"]
[Date "2025.06.10"]
[Round "4"]
[White "Golke, Philipp"]
[Black "Lattreuter, Alexander"]
[Result "0-1"]
[Termination "normal"]
[Board "5"]
[WhiteElo "1729"]
[BlackElo "1898"]
[WhiteClock "00:25:51"]
[BlackClock "00:10:05"]
[PlyCount "126"]
[WhiteFideId "34625259"]
[BlackFideId "34678387"]
[EventCountry "GER"]
[EventRounds "9"]
[EventType "swiss"]
[EventDate "2025.06.07"]

1. e4 {[%clk 01:30:49]} {[%emt 00:00:11]} c6 {[%clk 01:30:53]} {[%emt
00:00:08]} 2. d4 {[%clk 01:31:03]} {[%emt 00:00:16]} d5 {[%clk 01:31:19]}
{[%emt 00:00:04]} 3. Nc3 {[%clk 01:31:17]} {[%emt 00:00:16]} dxe4 {[%clk
01:31:37]} {[%emt 00:00:13]} 4. Nxe4 {[%clk 01:31:42]} {[%emt 00:00:04]} Bf5
{[%clk 01:31:57]} {[%emt 00:00:10]} 5. Ng3 {[%clk 01:32:02]} {[%emt 00:00:09]}
Bg6 {[%clk 01:32:21]} {[%emt 00:00:06]} 6. h4 {[%clk 01:32:06]} {[%emt
00:00:26]} h6 {[%clk 01:32:42]} {[%emt 00:00:10]} 7. Nf3 {[%clk 01:32:28]}
{[%emt 00:00:08]} Nd7 {[%clk 01:32:56]} {[%emt 00:00:15]} 8. Bd3 {[%clk
01:32:34]} {[%emt 00:00:25]} Bxd3 {[%clk 01:33:17]} {[%emt 00:00:09]} 9. Qxd3
{[%clk 01:32:59]} {[%emt 00:00:04]} Ngf6 {[%clk 01:33:39]} {[%emt 00:00:08]}
10. c3 {[%clk 01:32:34]} {[%emt 00:00:56]} e6 {[%clk 01:33:51]} {[%emt
00:00:18]} 11. Ne2 {[%clk 01:18:19]} {[%emt 00:14:45]} Bd6 {[%clk 01:33:40]}
{[%emt 00:00:41]} 12. Bf4 {[%clk 01:18:12]} {[%emt 00:00:36]} Qc7 {[%clk
01:32:24]} {[%emt 00:01:47]} 13. Bxd6 {[%clk 01:11:36]} {[%emt 00:07:06]} Qxd6
{[%clk 01:32:49]} {[%emt 00:00:04]} 14. Rd1 {[%clk 01:11:50]} {[%emt 00:00:17]}
O-O {[%clk 01:31:54]} {[%emt 00:01:24]} 15. g3 {[%clk 00:47:08]} {[%emt
00:25:12]} Rfe8 {[%clk 01:28:16]} {[%emt 00:04:09]} 16. Kf1 {[%clk 00:38:06]}
{[%emt 00:09:32]} Rad8 {[%clk 01:23:13]} {[%emt 00:05:33]} 17. Nf4 {[%clk
00:35:20]} {[%emt 00:03:16]} Nd5 {[%clk 01:21:49]} {[%emt 00:01:53]} 18. Nxd5
{[%clk 00:33:03]} {[%emt 00:02:48]} Qxd5 {[%clk 01:21:57]} {[%emt 00:00:22]}
19. c4 {[%clk 00:33:15]} {[%emt 00:00:18]} Qh5 {[%clk 01:20:21]} {[%emt
00:02:05]} 20. Kg2 {[%clk 00:32:35]} {[%emt 00:01:11]} e5 {[%clk 01:13:10]}
{[%emt 00:07:41]} 21. dxe5 {[%clk 00:32:53]} {[%emt 00:00:12]} Nxe5 {[%clk
01:13:22]} {[%emt 00:00:17]} 22. Qb3 {[%clk 00:33:13]} {[%emt 00:00:10]} Ng6
{[%clk 01:10:59]} {[%emt 00:02:54]} 23. Rxd8 {[%clk 00:29:49]} {[%emt
00:03:54]} Rxd8 {[%clk 01:11:14]} {[%emt 00:00:15]} 24. Qe3 {[%clk 00:29:30]}
{[%emt 00:00:49]} Qg4 {[%clk 01:10:35]} {[%emt 00:01:08]} 25. b3 {[%clk
00:28:51]} {[%emt 00:01:10]} a6 {[%clk 01:00:28]} {[%emt 00:10:37]} 26. Re1
{[%clk 00:28:17]} {[%emt 00:01:01]} f5 {[%clk 00:56:37]} {[%emt 00:04:24]} 27.
Kh2 {[%clk 00:25:57]} {[%emt 00:02:50]} Rf8 {[%clk 00:48:39]} {[%emt 00:08:27]}
28. Ne5 {[%clk 00:24:44]} {[%emt 00:01:44]} Nxe5 {[%clk 00:48:51]} {[%emt
00:00:18]} 29. Qxe5 {[%clk 00:25:08]} {[%emt 00:00:06]} Rf6 {[%clk 00:48:53]}
{[%emt 00:00:26]} 30. Qb8+ {[%clk 00:24:58]} {[%emt 00:00:42]} Kh7 {[%clk
00:48:25]} {[%emt 00:00:58]} 31. Re8 {[%clk 00:24:57]} {[%emt 00:00:31]} f4
{[%clk 00:48:16]} {[%emt 00:00:39]} 32. Rh8+ {[%clk 00:25:08]} {[%emt
00:00:19]} Kg6 {[%clk 00:48:40]} {[%emt 00:00:05]} 33. Qe8+ {[%clk 00:25:16]}
{[%emt 00:00:23]} Rf7 {[%clk 00:48:34]} {[%emt 00:00:36]} 34. Rf8 {[%clk
00:24:15]} {[%emt 00:01:31]} fxg3+ {[%clk 00:48:49]} {[%emt 00:00:15]} 35. fxg3
{[%clk 00:24:41]} {[%emt 00:00:04]} Qf5 {[%clk 00:43:34]} {[%emt 00:05:43]} 36.
Rxf7 {[%clk 00:24:19]} {[%emt 00:00:53]} Qxf7 {[%clk 00:42:33]} {[%emt
00:01:32]} 37. Qxf7+ {[%clk 00:23:34]} {[%emt 00:01:15]} Kxf7 {[%clk 00:42:30]}
{[%emt 00:00:32]} 38. Kg2 {[%clk 00:24:00]} {[%emt 00:00:05]} Ke6 {[%clk
00:42:20]} {[%emt 00:00:40]} 39. Kf3 {[%clk 00:24:26]} {[%emt 00:00:04]} Ke5
{[%clk 00:41:44]} {[%emt 00:01:06]} 40. Ke3 {[%clk 00:24:28]} {[%emt 00:00:28]}
b5 {[%clk 00:40:51]} {[%emt 00:01:23]} 41. cxb5 {[%clk 00:23:31]} {[%emt
00:01:28]} cxb5 {[%clk 00:40:52]} {[%emt 00:00:28]} 42. a3 {[%clk 00:23:24]}
{[%emt 00:00:36]} a5 {[%clk 00:39:14]} {[%emt 00:02:09]} 43. a4 {[%clk
00:23:13]} {[%emt 00:00:41]} bxa4 {[%clk 00:37:07]} {[%emt 00:02:37]} 44. bxa4
{[%clk 00:23:39]} {[%emt 00:00:04]} h5 {[%clk 00:34:55]} {[%emt 00:02:42]} 45.
Kf3 {[%clk 00:23:05]} {[%emt 00:01:03]} Kd4 {[%clk 00:29:51]} {[%emt 00:05:34]}
46. g4 {[%clk 00:22:52]} {[%emt 00:00:44]} Kc4 {[%clk 00:30:06]} {[%emt
00:00:15]} 47. Kf4 {[%clk 00:23:00]} {[%emt 00:00:22]} Kb4 {[%clk 00:27:30]}
{[%emt 00:03:05]} 48. g5 {[%clk 00:22:46]} {[%emt 00:00:45]} Kxa4 {[%clk
00:27:37]} {[%emt 00:00:23]} 49. Kf5 {[%clk 00:23:12]} {[%emt 00:00:04]} Kb4
{[%clk 00:27:27]} {[%emt 00:00:41]} 50. Kg6 {[%clk 00:23:37]} {[%emt 00:00:05]}
a4 {[%clk 00:27:52]} {[%emt 00:00:04]} 51. Kxg7 {[%clk 00:24:03]} {[%emt
00:00:03]} a3 {[%clk 00:28:19]} {[%emt 00:00:04]} 52. Kh7 {[%clk 00:24:01]}
{[%emt 00:00:32]} a2 {[%clk 00:28:36]} {[%emt 00:00:13]} 53. g6 {[%clk
00:24:27]} {[%emt 00:00:04]} a1=Q {[%clk 00:28:56]} {[%emt 00:00:10]} 54. g7
{[%clk 00:24:52]} {[%emt 00:00:04]} Qa7 {[%clk 00:23:48]} {[%emt 00:05:37]} 55.
Kh6 {[%clk 00:24:33]} {[%emt 00:00:50]} Qf7 {[%clk 00:22:43]} {[%emt 00:01:35]}
56. Kh7 {[%clk 00:24:48]} {[%emt 00:00:15]} Kc4 {[%clk 00:10:27]} {[%emt
00:12:46]} 57. Kh8 {[%clk 00:24:38]} {[%emt 00:00:41]} Kd4 {[%clk 00:08:23]}
{[%emt 00:02:33]} 58. g8=Q {[%clk 00:25:06]} {[%emt 00:00:03]} Qxg8+ {[%clk
00:08:44]} {[%emt 00:00:09]} 59. Kxg8 {[%clk 00:25:20]} {[%emt 00:00:15]} Ke5
{[%clk 00:09:02]} {[%emt 00:00:10]} 60. Kg7 {[%clk 00:25:30]} {[%emt 00:00:22]}
Kf5 {[%clk 00:09:14]} {[%emt 00:00:18]} 61. Kf7 {[%clk 00:25:10]} {[%emt
00:00:51]} Kg4 {[%clk 00:09:19]} {[%emt 00:00:25]} 62. Kf6 {[%clk 00:25:31]}
{[%emt 00:00:08]} Kxh4 {[%clk 00:09:41]} {[%emt 00:00:08]} 63. Kf5 {[%clk
00:25:51]} {[%emt 00:00:11]} Kg3 {[%clk 00:10:05]} {[%emt 00:00:06]} 0-1